| 000 | 00809cam a2200193 4500 | ||
|---|---|---|---|
| 001 | WB3604-20 | ||
| 008 | 000000n2000 000 0 eng u | ||
| 035 | _a(Sirsi) u103792 | ||
| 245 | _a Better housing services on the way | ||
| 260 | _c2000 | ||
| 490 |
_aDETR News Release _v(028) 19 January 2000 (2) |
||
| 520 | _aImproved local authority housing services can be expected with the publication of government guidelines emphasising best value. Free copies of "Best value in housing framework" are available from David Walters, Tel: 0171 7944 3257. The report will be available from mid-February on the DETR web site http://www.detr.gov.uk | ||
| 590 | _aWB | ||
| 650 | _aHOUSING SERVICES | ||
| 650 | _aLOCAL AUTHORITIES | ||
| 650 | _aBEST VALUE | ||
| 690 |
_aAffordable housing _96215 |
||
| 942 | _n0 | ||
| 999 |
_c62325 _d62325 |
||